| 000 | 00731pam a2200265 a 4500 | ||
|---|---|---|---|
| 001 | 3315905 | ||
| 003 | NUST | ||
| 005 | 20220520154251.0 | ||
| 008 | 840426s1984 cau 000 0 eng | ||
| 010 | _a 84047736 | ||
| 020 | _a0060674083 | ||
| 038 | _aArshad | ||
| 040 |
_aDLC _cDLC _dDLC |
||
| 050 | 0 | 0 |
_aBJ1476 _b.S64 1984 |
| 082 | 0 | 0 |
_a234.5 _bSME |
| 100 | 1 |
_aSmedes, Lewis B. _991702 |
|
| 245 | 1 | 0 |
_aForgive and forget : _bhealing the hurts we don't deserve / _cLewis B. Smedes. |
| 250 | _a1st ed. | ||
| 260 |
_aSan Francisco : _bHarper & Row, _c1984. |
||
| 300 |
_axv, 151 p. ; _c25 cm. |
||
| 563 | _aHBK | ||
| 650 | 0 |
_aForgiveness. _991703 |
|
| 906 |
_a7 _bcbc _corignew _d1 _eocip _f19 _gy-gencatlg |
||
| 942 |
_2ddc _cBK |
||
| 999 |
_c589860 _d589860 |
||